NBA Most Points Scored (Total) Since 2000 - Statistics

General Stats
  • This quiz has been taken 15 times
  • The average score is 17 of 25
Answer Stats
Hint Answer Points % Correct
4. Kobe Bryant 30,888
100%
1. LeBron James 43,180
100%
9. Stephen Curry 26,447
100%
2. Kevin Durant 32,224
93%
3. Dirk Nowitzki 31,175
87%
5. James Harden 29,104
87%
14. Chris Paul 23,058
80%
10. Paul Pierce 25,606
80%
7. Russell Westbrook 27,165
80%
12. Tim Duncan 23,681
80%
8. DeMar DeRozan 26,575
73%
13. Dwyane Wade 23,165
73%
11. Vince Carter 24,815
73%
6. Carmelo Anthony 28,289
67%
15. Damian Lillard 22,598
67%
16. Giannis Antetokounmpo 21,531
67%
17. Kevin Garnett 21,432
67%
23. Allen Iverson 19,539
60%
19. Pau Gasol 20,894
60%
25. Tony Parker 19,473
60%
18. Ray Allen 20,945
53%
24. Dwight Howard 19,485
47%
21. Joe Johnson 20,407
27%
22. Antawn Jamison 19,593
20%
20. LaMarcus Aldridge 20,558
20%
No matching quizzes found
Score Distribution
Percent of People with Each Score
Percentile by Number Answered
Your Score History
You have not taken this quiz